000 01180nam a2200301 i 4500
001 12325
003 KOSZ 005
005 20191028133501.0
008 070825s1967 pl a f 001 0 pol
015 _aPB 1968/1194
040 _aWA N
_cKOSZ 005/RW
_dKOSZ 005/RW
041 1 _apol
_hrus
080 _a621.313
100 1 _aBalagurov, Vladimir Aleksandrovič.
_eAutor
245 1 0 _aMaszyny elektryczne o magnesach trwałych /
_cW. A. Bałagurow, F. F. Gałtiejew, A. N. Łarionow ; tł. Zdzisław Życki.
246 1 _iTyt. oryg.:
_aElektričeskie mašiny s postoânnymi magnitami.
260 _aWarszawa :
_bWydawnictwa Naukowo-Techniczne,
_c1967.
300 _a391, [1] s. :
_bil.;
_c25 cm.
380 _aKsiążki.
504 _aBibliogr. 385-[390]. Indeks.
650 4 _aMaszyny elektryczne
700 1 _aGalteev, Fedor Fedorovič.
_eAutor
700 1 _aLarionov, Andrej Nikolaevič.
_eAutor
700 1 _aŻycki, Zdzisław.
_eTłumaczenie
710 2 _aWydawnictwa Naukowo-Techniczne
_4pbl.
856 _uhttp://koha.tu.koszalin.pl/cgi-bin/koha/opac-detail.pl?biblionumber=12325
_yKatalog online BPK
942 _2UKD
_cKS
999 _c12325
_d12325